000 00519cam a2200205ua 4500
001 9100
005 20260515114427.0
008 150221n ii |||gr||||Z||||||eng
020 _a9788184951769
040 _cMAIN
041 _aeng
082 _a920
100 _aNikhilananda, S.,
_eAuthor.
245 1 _aSri Ramakrishna :
_bFace of silence /
_cBy Swami Nikhilananda .
250 _a1st.
260 _aNew Delhi:
_bJaico,
_c2011.
300 _ax,330p.
653 _aBiography, genealogy & insignia
942 _cBK
999 _c8177
_d8177